000 00365nam a2200121Ia 4500
008 220204s9999 xx 000 0 und d
082 _a003
_bBRI
245 0 _aNew encyclopedia Britannica. 30 V
250 _aEd.15
260 _aLondon
_bEncyclopedia Britannica
_c1977
505 _aMicropedia..10 v; Macropedia.. 19v;Propedia outline of knowledge..1 v.
942 _cBK
999 _c25265
_d25265